[Event "OEISM 0818 BLMM"]
[Site "austriablmm"]
[Date "2020.12.12"]
[Round "2"]
[White "Julian17"]
[Black "Maryam2010"]
[Result "1-0"]
[WhiteElo "1789"]
[BlackElo "1662"]
[Annotator "NA RC"]
[PlyCount "125"]
[EventDate "2020.12.12"]
[EventType "blitz"]

1. e4 {[%emt 0:00:03]} c5 {[%emt 0:00:04]} 2. Nf3 {[%emt 0:00:02]} Nc6 {[%emt 0:00:02]} 3. d4 {[%emt 0:00:01]} cxd4 {[%emt 0:00:02]} 4. Nxd4 {[%emt 0:00:00]} g6 {[%emt 0:00:02]} 5. c4 {[%emt 0:00:03]} Bg7 {[%emt 0:00:04]} 6. Be3 {[%emt 0:00:02]} Nf6 {[%emt 0:00:06]} 7. Nc3 {[%emt 0:00:02]} O-O {[%emt 0:00:02]} 8. Be2 {[%emt 0:00:02]} d6 {[%emt 0:00:04]} 9. O-O {[%emt 0:00:02]} Bd7 {[%emt 0:00:20]} 10. Qd2 {[%emt 0:00:28]} Bg4 {[%emt 0:00:11]} 11. f3 {[%emt 0:00:06]} Bd7 {[%emt 0:00:11]} 12. Rac1 {[%emt 0:00:15]} Rc8 {[%emt 0:00:04]} 13. b3 {[%emt 0:00:14]} a6 {[%emt 0:00:09]} 14. Nd5 {[%emt 0:00:09]} Nxd5 {[%emt 0:01:12]} 15. exd5 {[%emt 0:00:04]} Nxd4 {[%emt 0:00:20]} 16. Bxd4 {[%emt 0:00:03]} e5 {[%emt 0:00:18]} 17. dxe6 {[%emt 0:00:13]} Bxe6 {[%emt 0:00:37]} 18. Rfd1 {[%emt 0:00:12]} Qh4 {[%emt 0:00:53]} 19. Bxg7 {[%emt 0:01:00]} Kxg7 {[%emt 0:00:03]} 20. Qxd6 {[%emt 0:00:19]} Rcd8 {[%emt 0:00:19]} 21. Qe5+ {[%emt 0:00:09]} Kg8 {[%emt 0:00:23]} 22. Qe4 {[%emt 0:00:57]} Qg5 {[%emt 0:00:36]} 23. f4 {[%emt 0:00:27]} Qc5+ {[%emt 0:00:36]} 24. Kh1 {[%emt 0:00:39]} Rfe8 {[%emt 0:00:10]} 25. Qf3 {[%emt 0:01:37]} Qc6 {[%emt 0:00:35]} 26. Qxc6 {[%emt 0:00:06]} bxc6 {[%emt 0:00:04]} 27. Bf3 {[%emt 0:00:05]} c5 {[%emt 0:00:28]} 28. Kg1 {[%emt 0:00:31]} Kg7 {[%emt 0:00:20]} 29. Kf2 {[%emt 0:00:03]} Rd4 {[%emt 0:00:14]} 30. Rxd4 {[%emt 0:00:18]} cxd4 {[%emt 0:00:06]} 31. Rd1 {[%emt 0:00:02]} Rd8 {[%emt 0:00:09]} 32. g4 {[%emt 0:00:26]} f5 {[%emt 0:00:05]} 33. g5 {[%emt 0:00:23]} h6 {[%emt 0:00:05]} 34. gxh6+ {[%emt 0:00:02]} Kxh6 {[%emt 0:00:02]} 35. Re1 {[%emt 0:00:04]} Bc8 {[%emt 0:00:11]} 36. Bd5 {[%emt 0:00:04]} g5 {[%emt 0:00:06]} 37. fxg5+ {[%emt 0:00:16]} Kxg5 {[%emt 0:00:02]} 38. Rd1 {[%emt 0:00:02]} f4 {[%emt 0:00:25]} 39. Rxd4 {[%emt 0:00:04]} Be6 {[%emt 0:00:08]} 40. h4+ {[%emt 0:00:10]} Kf6 {[%emt 0:00:29]} 41. Rxf4+ {[%emt 0:00:04]} Ke5 {[%emt 0:00:02]} 42. Re4+ {[%emt 0:00:03]} Kf5 {[%emt 0:00:09]} 43. Rxe6 {[%emt 0:00:02]} Rd7 {[%emt 0:00:11]} 44. Rxa6 {[%emt 0:00:04]} Rh7 {[%emt 0:00:05]} 45. Kg3 {[%emt 0:00:32]} Rh5 {[%emt 0:00:10]} 46. Bf3 {[%emt 0:00:09]} Rh7 {[%emt 0:00:11]} 47. Ra5+ {[%emt 0:00:06]} Ke6 {[%emt 0:00:05]} 48. Bg4+ {[%emt 0:00:03]} Kf6 {[%emt 0:00:03]} 49. Kf4 {[%emt 0:00:15]} Kf7 {[%emt 0:00:09]} 50. Ra7+ {[%emt 0:00:02]} Kg6 {[%emt 0:00:15]} 51. Bf5+ {[%emt 0:00:08]} Kf6 {[%emt 0:00:05]} 52. Bxh7 {[%emt 0:00:08]} Ke6 {[%emt 0:00:05]} 53. Ra6+ {[%emt 0:00:01]} Ke7 {[%emt 0:00:03]} 54. Bg6 {[%emt 0:00:16]} Kd7 {[%emt 0:00:05]} 55. Ke5 {[%emt 0:00:03]} Kc7 {[%emt 0:00:02]} 56. Kd5 {[%emt 0:00:05]} Kb7 {[%emt 0:00:04]} 57. Rf6 {[%emt 0:00:01]} Kc7 {[%emt 0:00:03]} 58. c5 {[%emt 0:00:14]} Kb7 {[%emt 0:00:05]} 59. Bd3 {[%emt 0:00:02]} Ka7 {[%emt 0:00:10]} 60. Rf7+ {[%emt 0:00:02]} Kb8 {[%emt 0:00:02]} 61. Kc6 {[%emt 0:00:03]} Ka8 {[%emt 0:00:04]} 62. Kb6 {[%emt 0:00:02]} Kb8 {[%emt 0:00:03]} 63. Rf8# {[%emt 0:00:01] Mate Mate} 1-0

[Event "OEISM 0818 BLMM"]
[Site "austriablmm"]
[Date "2020.12.12"]
[Round "2"]
[White "Kriasi"]
[Black "Daniel05"]
[Result "1/2-1/2"]
[WhiteElo "1778"]
[BlackElo "1850"]
[Annotator "NA RC"]
[PlyCount "171"]
[EventDate "2020.12.12"]
[EventType "blitz"]
[TimeControl "600+3"]

1. e4 {[%emt 0:00:03]} e6 {[%emt 0:00:10]} 2. d4 {[%emt 0:00:06]} d5 {[%emt 0:00:01]} 3. Nc3 {[%emt 0:00:02]} Nf6 {[%emt 0:00:02]} 4. e5 {[%emt 0:00:01]} Nfd7 {[%emt 0:00:01]} 5. Nce2 {[%emt 0:00:00]} c5 {[%emt 0:00:00]} 6. c3 {[%emt 0:00:01]} Nc6 {[%emt 0:00:01]} 7. Nf3 {[%emt 0:00:02]} Qb6 {[%emt 0:00:10]} 8. a3 {[%emt 0:00:04]} f6 {[%emt 0:00:11]} 9. Nf4 {[%emt 0:00:43] Kriasi reconnected. Kriasi reconnected.} fxe5 {[%emt 0:01:36]} 10. Nxe6 {[%emt 0:00:05]} e4 {[%emt 0:00:01]} 11. Nxf8 {[%emt 0:01:37]} Rxf8 {[%emt 0:00:40]} 12. Ng5 {[%emt 0:00:37]} Nf6 {[%emt 0:00:12]} 13. dxc5 {[%emt 0:00:24]} Qxc5 {[%emt 0:00:25]} 14. Be3 {[%emt 0:00:05]} Qe7 {[%emt 0:00:01]} 15. Be2 {[%emt 0:00:41]} h6 {[%emt 0:00:02]} 16. Nh3 {[%emt 0:00:34]} Bxh3 {[%emt 0:00:30]} 17. gxh3 {[%emt 0:00:00]} O-O-O {[%emt 0:00:01]} 18. Qc2 {[%emt 0:00:32]} Kb8 {[%emt 0:00:21]} 19. O-O-O {[%emt 0:00:05]} Ka8 {[%emt 0:00:01]} 20. Kb1 {[%emt 0:00:32]} Qe6 {[%emt 0:01:10]} 21. Bc5 {[%emt 0:00:29]} Rfe8 {[%emt 0:00:31]} 22. Rhg1 {[%emt 0:00:20]} g5 {[%emt 0:00:10]} 23. h4 {[%emt 0:00:16]} g4 {[%emt 0:00:23]} 24. Be3 {[%emt 0:00:08]} h5 {[%emt 0:00:27]} 25. Qa4 {[%emt 0:00:20]} Nd7 {[%emt 0:01:49]} 26. h3 {[%emt 0:00:57]} Nde5 {[%emt 0:00:09]} 27. hxg4 {[%emt 0:00:57]} hxg4 {[%emt 0:00:00]} 28. b4 {[%emt 0:00:07]} Nf3 {[%emt 0:01:45]} 29. Bxf3 {[%emt 0:00:09]} gxf3 {[%emt 0:00:04]} 30. b5 {[%emt 0:00:05]} d4 {[%emt 0:00:21]} 31. Bg5 {[%emt 0:00:05]} Ne7 {[%emt 0:00:11]} 32. cxd4 {[%emt 0:00:04]} Qd5 {[%emt 0:00:04]} 33. Be3 {[%emt 0:00:03]} Nc8 {[%emt 0:00:02]} 34. Rg5 {[%emt 0:00:02]} Nb6 {[%emt 0:00:04]} 35. Rxd5 {[%emt 0:00:12]} Nxa4 {[%emt 0:00:01]} 36. Rxd8+ {[%emt 0:00:05]} Rxd8 {[%emt 0:00:00]} 37. Kc2 {[%emt 0:00:02]} Rc8+ {[%emt 0:00:01]} 38. Kb3 {[%emt 0:00:02]} Nb6 {[%emt 0:00:02]} 39. Rc1 {[%emt 0:00:03]} Rh8 {[%emt 0:00:03]} 40. Bg5 {[%emt 0:00:05]} Nd5 {[%emt 0:00:15]} 41. Re1 {[%emt 0:00:04]} Re8 {[%emt 0:00:04]} 42. h5 {[%emt 0:00:03]} Kb8 {[%emt 0:00:02]} 43. h6 {[%emt 0:00:03]} Kc8 {[%emt 0:00:02]} 44. Bh4 {[%emt 0:00:04]} Kd7 {[%emt 0:00:07]} 45. Bg3 {[%emt 0:00:03]} Rh8 {[%emt 0:00:03]} 46. Rxe4 {[%emt 0:00:06]} Rxh6 {[%emt 0:00:01]} 47. Re5 {[%emt 0:00:02]} Nb6 {[%emt 0:00:03]} 48. Rf5 {[%emt 0:00:04]} Re6 {[%emt 0:00:06] '} 49. Rxf3 {[%emt 0:00:03]} Re7 {[%emt 0:00:01]} 50. Bh4 {[%emt 0:00:02]} Rh7 {[%emt 0:00:01]} 51. Bg5 {[%emt 0:00:03]} Rg7 {[%emt 0:00:01]} 52. Be3 {[%emt 0:00:02]} Nd5 {[%emt 0:00:02]} 53. Rf5 {[%emt 0:00:03]} Ke6 {[%emt 0:00:02]} 54. Re5+ {[%emt 0:00:02]} Kd6 {[%emt 0:00:00]} 55. Bd2 {[%emt 0:00:03]} Rf7 {[%emt 0:00:03]} 56. Be3 {[%emt 0:00:26]} a6 {[%emt 0:00:12]} 57. a4 {[%emt 0:00:07]} axb5 {[%emt 0:00:02]} 58. axb5 {[%emt 0:00:01]} Rf3 {[%emt 0:00:04]} 59. Kc4 {[%emt 0:00:07]} Nb6+ {[%emt 0:00:02]} 60. Kd3 {[%emt 0:00:03]} Rf7 {[%emt 0:00:02]} 61. Rh5 {[%emt 0:00:03]} Nd5 {[%emt 0:00:03]} 62. Rh6+ {[%emt 0:00:03]} Kd7 {[%emt 0:00:01]} 63. Kc4 {[%emt 0:00:05]} Nf6 {[%emt 0:00:08]} 64. f3 {[%emt 0:00:07]} Kc7 {[%emt 0:00:03]} 65. Bg5 {[%emt 0:00:05]} Ne8 {[%emt 0:00:01]} 66. Rh3 {[%emt 0:00:02]} Nd6+ {[%emt 0:00:02]} 67. Kb4 {[%emt 0:00:11]} Nxb5 {[%emt 0:00:01]} 68. Be3 {[%emt 0:00:14]} Nd6 {[%emt 0:00:03]} 69. f4 {[%emt 0:00:08]} Kc6 {[%emt 0:00:04]} 70. Rh6 {[%emt 0:00:03]} Kd5 {[%emt 0:00:02]} 71. Rh5+ {[%emt 0:00:01]} Nf5 {[%emt 0:00:04]} 72. Bf2 {[%emt 0:00:07]} Ke4 {[%emt 0:00:02]} 73. Kc5 {[%emt 0:00:03]} Rc7+ {[%emt 0:00:06]} 74. Kb6 {[%emt 0:00:02]} Rc2 {[%emt 0:00:01]} 75. Bg1 {[%emt 0:00:08]} Rg2 {[%emt 0:00:02]} 76. Bh2 {[%emt 0:00:02]} Rb2+ {[%emt 0:00:02]} 77. Kc7 {[%emt 0:00:01]} Nxd4 {[%emt 0:00:03]} 78. f5 {[%emt 0:00:01]} Nxf5 {[%emt 0:00:05]} 79. Bd6 {[%emt 0:00:01]} Nxd6 {[%emt 0:00:06]} 80. Kxd6 {[%emt 0:00:00]} Kd4 {[%emt 0:00:03]} 81. Rh4+ {[%emt 0:00:03]} Kc3 {[%emt 0:00:02]} 82. Kc5 {[%emt 0:00:02]} Kb3 {[%emt 0:00:04]} 83. Rb4+ {[%emt 0:00:03]} Ka3 {[%emt 0:00:01]} 84. Rxb2 {[%emt 0:00:01]} Kxb2 {[%emt 0:00:00]} 85. Kb6 {[%emt 0:00:01]} Kb3 {[%emt 0:00:00]} 86. Kxb7 {[%emt 0:00:00] No Material} 1/2-1/2

[Event "OEISM 0818 BLMM"]
[Site "austriablmm"]
[Date "2020.12.12"]
[Round "2"]
[White "gadoru"]
[Black "Johnny Johnson"]
[Result "1/2-1/2"]
[WhiteElo "1705"]
[BlackElo "1776"]
[Annotator "NA RC"]
[PlyCount "68"]
[EventDate "2020.12.12"]
[EventType "blitz"]

1. e4 {[%emt 0:00:02]} c5 {[%emt 0:00:01]} 2. Nf3 {[%emt 0:00:02]} d6 {[%emt 0:00:01]} 3. d4 {[%emt 0:00:02]} cxd4 {[%emt 0:00:00]} 4. Nxd4 {[%emt 0:00:01]} Nf6 {[%emt 0:00:01]} 5. Nc3 {[%emt 0:00:02]} g6 {[%emt 0:00:01]} 6. Be3 {[%emt 0:00:02]} Bg7 {[%emt 0:00:01]} 7. f3 {[%emt 0:00:02]} O-O {[%emt 0:00:01]} 8. Qd2 {[%emt 0:00:04]} Nc6 {[%emt 0:00:01]} 9. Bc4 {[%emt 0:00:03]} Bd7 {[%emt 0:00:01]} 10. Bb3 {[%emt 0:00:02]} Rc8 {[%emt 0:00:01]} 11. O-O-O {[%emt 0:00:03]} Nxd4 {[%emt 0:00:01]} 12. Bxd4 {[%emt 0:00:03]} b5 {[%emt 0:00:01]} 13. Nd5 {[%emt 0:01:11]} Nxd5 {[%emt 0:00:03]} 14. Bxd5 {[%emt 0:00:12]} a5 {[%emt 0:00:40]} 15. g4 {[%emt 0:00:23]} Bxd4 {[%emt 0:01:41]} 16. Qxd4 {[%emt 0:00:20]} Qc7 {[%emt 0:00:04]} 17. c3 {[%emt 0:00:49]} b4 {[%emt 0:00:18]} 18. Rd3 {[%emt 0:00:30]} Bb5 {[%emt 0:01:31]} 19. Re3 {[%emt 0:00:07]} e6 {[%emt 0:01:32]} 20. Bb3 {[%emt 0:00:07]} a4 {[%emt 0:00:16]} 21. Bc2 {[%emt 0:00:18]} bxc3 {[%emt 0:00:48]} 22. Rxc3 {[%emt 0:00:08]} Qa5 {[%emt 0:00:06]} 23. Rxc8 {[%emt 0:00:30]} Rxc8 {[%emt 0:00:00]} 24. Kb1 {[%emt 0:00:05]} a3 {[%emt 0:00:22]} 25. h4 {[%emt 0:02:25]} Rc4 {[%emt 0:00:36]} 26. Qxd6 {[%emt 0:00:36]} axb2 {[%emt 0:00:47]} 27. Qb8+ {[%emt 0:00:19]} Kg7 {[%emt 0:00:04]} 28. Qe5+ {[%emt 0:00:13]} Kf8 {[%emt 0:00:29]} 29. Qb8+ {[%emt 0:00:21]} Ke7 {[%emt 0:00:20]} 30. Rd1 {[%emt 0:00:33]} Rxc2 {[%emt 0:01:13]} 31. Qd6+ {[%emt 0:00:30]} Ke8 {[%emt 0:00:02]} 32. Qb8+ {[%emt 0:00:17]} Ke7 {[%emt 0:00:03]} 33. Qd6+ {[%emt 0:00:24]} Ke8 {[%emt 0:00:27]} 34. Qb8+ {[%emt 0:00:03]} Ke7 {[%emt 0:00:01] Threefold Rep Threefold Rep} 1/2-1/2

[Event "OEISM 0818 BLMM"]
[Site "austriablmm"]
[Date "2020.12.12"]
[Round "2"]
[White "Ji-Jay-Jim"]
[Black "Chessellis"]
[Result "1-0"]
[WhiteElo "1697"]
[BlackElo "1638"]
[Annotator "NA RC"]
[PlyCount "61"]
[EventDate "2020.12.12"]
[EventType "blitz"]

1. e4 {[%emt 0:00:04]} c5 {[%emt 0:00:02]} 2. Nf3 {[%emt 0:00:02]} d6 {[%emt 0:00:01]} 3. d4 {[%emt 0:00:09]} cxd4 {[%emt 0:00:03]} 4. Nxd4 {[%emt 0:00:04]} Nf6 {[%emt 0:00:02]} 5. Nc3 {[%emt 0:00:06]} g6 {[%emt 0:00:01]} 6. f3 {[%emt 0:00:10]} Bg7 {[%emt 0:00:03]} 7. Be3 {[%emt 0:00:06]} O-O {[%emt 0:00:02]} 8. Qd2 {[%emt 0:00:06]} Nc6 {[%emt 0:00:03]} 9. Bc4 {[%emt 0:00:06]} Bd7 {[%emt 0:00:07]} 10. O-O-O {[%emt 0:00:06]} Rc8 {[%emt 0:00:02]} 11. Bb3 {[%emt 0:00:07]} Ne5 {[%emt 0:00:07]} 12. g4 {[%emt 0:00:10]} Nc4 {[%emt 0:00:07]} 13. Bxc4 {[%emt 0:00:06]} Rxc4 {[%emt 0:00:00]} 14. h4 {[%emt 0:00:06]} Qa5 {[%emt 0:00:10]} 15. h5 {[%emt 0:00:44]} Rfc8 {[%emt 0:00:20]} 16. Nb3 {[%emt 0:00:36]} Qb4 {[%emt 0:00:25]} 17. a3 {[%emt 0:00:21]} Rxc3 {[%emt 0:00:48]} 18. axb4 {[%emt 0:00:17]} Rxb3 {[%emt 0:00:04]} 19. Bh6 {[%emt 0:00:26]} Nxe4 {[%emt 0:00:26]} 20. fxe4 {[%emt 0:01:11]} Bxb2+ {[%emt 0:00:03]} 21. Kb1 {[%emt 0:00:07]} Bc3+ {[%emt 0:01:32]} 22. cxb3 {[%emt 0:00:07]} Bxd2 {[%emt 0:00:02]} 23. Rxd2 {[%emt 0:00:06]} Bxg4 {[%emt 0:00:06]} 24. hxg6 {[%emt 0:00:28]} hxg6 {[%emt 0:00:06]} 25. Rc2 {[%emt 0:00:08]} Rc6 {[%emt 0:00:49]} 26. Rxc6 {[%emt 0:00:11]} bxc6 {[%emt 0:00:00]} 27. Rc1 {[%emt 0:00:10]} Bf3 {[%emt 0:00:10]} 28. Rc4 {[%emt 0:00:13]} Kh7 {[%emt 0:00:07]} 29. Be3 {[%emt 0:00:08]} e5 {[%emt 0:00:10]} 30. Bxa7 {[%emt 0:00:08]} Kh6 {[%emt 0:00:05]} 31. Kc1 {[%emt 0:00:14] Chessellis resigns} 1-0

[Event "OEISM 0818 BLMM"]
[Site "austriablmm"]
[Date "2020.12.12"]
[Round "2"]
[White "Viktor09"]
[Black "Weirdo1"]
[Result "1/2-1/2"]
[WhiteElo "1682"]
[BlackElo "1828"]
[Annotator "NA RC"]
[PlyCount "113"]
[EventDate "2020.12.12"]
[EventType "blitz"]
[TimeControl "600+3"]

1. e4 {[%emt 0:00:05]} e5 {[%emt 0:00:02]} 2. Nf3 {[%emt 0:00:01]} Nc6 {[%emt 0:00:01]} 3. Bc4 {[%emt 0:00:01]} Bc5 {[%emt 0:00:01]} 4. d3 {[%emt 0:00:06]} Nf6 {[%emt 0:00:03]} 5. O-O {[%emt 0:00:01]} d6 {[%emt 0:00:05]} 6. a3 {[%emt 0:00:08]} O-O {[%emt 0:00:05]} 7. Nbd2 {[%emt 0:00:05]} Bg4 {[%emt 0:00:27]} 8. h3 {[%emt 0:00:04]} Bh5 {[%emt 0:00:02]} 9. Re1 {[%emt 0:00:04]} Nd4 {[%emt 0:00:29]} 10. c3 {[%emt 0:00:09]} Ne6 {[%emt 0:00:42]} 11. Nf1 {[%emt 0:00:13]} Bb6 {[%emt 0:00:54]} 12. Ng3 {[%emt 0:00:06]} Bxf3 {[%emt 0:00:05]} 13. Qxf3 {[%emt 0:00:03]} c6 {[%emt 0:00:23]} 14. Nf5 {[%emt 0:00:14]} d5 {[%emt 0:00:23]} 15. exd5 {[%emt 0:00:22]} cxd5 {[%emt 0:00:03]} 16. Bb3 {[%emt 0:00:03]} e4 {[%emt 0:00:35]} 17. dxe4 {[%emt 0:00:06]} dxe4 {[%emt 0:00:14]} 18. Qe2 {[%emt 0:00:08]} Nc5 {[%emt 0:00:10]} 19. Nd4 {[%emt 0:00:34]} Nd3 {[%emt 0:00:26]} 20. Rd1 {[%emt 0:00:25]} Bxd4 {[%emt 0:00:05]} 21. cxd4 {[%emt 0:00:06]} Qxd4 {[%emt 0:00:06]} 22. Be3 {[%emt 0:00:17]} Qxb2 {[%emt 0:00:19]} 23. Qxb2 {[%emt 0:00:09]} Nxb2 {[%emt 0:00:03]} 24. Rd4 {[%emt 0:00:05]} Rfd8 {[%emt 0:00:55]} 25. f3 {[%emt 0:00:25]} exf3 {[%emt 0:00:35]} 26. gxf3 {[%emt 0:00:17]} a6 {[%emt 0:00:31]} 27. Kf2 {[%emt 0:01:13]} Nd3+ {[%emt 0:00:13]} 28. Kg3 {[%emt 0:00:08]} Rxd4 {[%emt 0:00:34]} 29. Bxd4 {[%emt 0:00:03]} Rd8 {[%emt 0:00:02]} 30. Bxf6 {[%emt 0:00:06]} gxf6 {[%emt 0:00:03]} 31. Rd1 {[%emt 0:00:02]} Rd7 {[%emt 0:00:16]} 32. Bc4 {[%emt 0:00:40]} Ne5 {[%emt 0:00:11]} 33. Rxd7 {[%emt 0:00:01]} Nxd7 {[%emt 0:00:01]} 34. Bd5 {[%emt 0:00:01]} b6 {[%emt 0:00:12]} 35. Kf4 {[%emt 0:00:08]} Kf8 {[%emt 0:00:13]} 36. Kf5 {[%emt 0:00:08]} Ke7 {[%emt 0:00:02]} 37. Bc6 {[%emt 0:00:21]} Ne5 {[%emt 0:00:18]} 38. Bb7 {[%emt 0:00:33]} a5 {[%emt 0:00:02]} 39. a4 {[%emt 0:00:10]} Nd7 {[%emt 0:00:26]} 40. Bc6 {[%emt 0:00:05]} Nc5 {[%emt 0:00:07]} 41. Bb5 {[%emt 0:00:05]} Nb3 {[%emt 0:00:06]} 42. Bc4 {[%emt 0:00:17]} Nd4+ {[%emt 0:00:12]} 43. Ke4 {[%emt 0:00:02]} Nc2 {[%emt 0:00:18]} 44. Bb5 {[%emt 0:00:15]} Na3 {[%emt 0:00:08]} 45. Bd3 {[%emt 0:00:04] Viktor09 offers a draw} Kd6 {[%emt 0:00:47]} 46. Be2 {[%emt 0:00:23]} Nc2 {[%emt 0:00:04]} 47. Bd1 {[%emt 0:00:09]} Nb4 {[%emt 0:00:04]} 48. Kf5 {[%emt 0:00:04]} Nd5 {[%emt 0:00:05]} 49. Bb3 {[%emt 0:00:08]} Kc5 {[%emt 0:00:11]} 50. f4 {[%emt 0:00:21]} Kd6 {[%emt 0:00:05]} 51. h4 {[%emt 0:00:14]} Kc5 {[%emt 0:00:02]} 52. h5 {[%emt 0:00:12]} h6 {[%emt 0:00:02]} 53. Ke4 {[%emt 0:00:27]} Nc3+ {[%emt 0:00:04]} 54. Kd3 {[%emt 0:00:02]} Nd5 {[%emt 0:00:02]} 55. Ke4 {[%emt 0:00:02]} Nc3+ {[%emt 0:00:01]} 56. Kd3 {[%emt 0:00:01]} Nd5 {[%emt 0:00:03]} 57. Ke4 {[%emt 0:00:01] Threefold Rep} 1/2-1/2

[Event "OEISM 0818 BLMM"]
[Site "austriablmm"]
[Date "2020.12.12"]
[Round "2"]
[White "Goldene Leune"]
[Black "Einhorn2010"]
[Result "1-0"]
[WhiteElo "1668"]
[BlackElo "1568"]
[Annotator "NA RC"]
[PlyCount "41"]
[EventDate "2020.12.12"]
[EventType "blitz"]

1. d4 {[%emt 0:00:06]} Nf6 {[%emt 0:00:03]} 2. Nf3 {[%emt 0:00:02]} g6 {[%emt 0:00:02]} 3. e3 {[%emt 0:00:02]} Bg7 {[%emt 0:00:02]} 4. c4 {[%emt 0:00:02]} O-O {[%emt 0:00:02]} 5. Nc3 {[%emt 0:00:02]} d5 {[%emt 0:00:05]} 6. Bd3 {[%emt 0:00:02]} Nc6 {[%emt 0:00:04]} 7. O-O {[%emt 0:00:03]} Bg4 {[%emt 0:00:10]} 8. Bd2 {[%emt 0:00:05]} e6 {[%emt 0:00:04]} 9. Rc1 {[%emt 0:00:04]} e5 {[%emt 0:00:07]} 10. Be2 {[%emt 0:00:06]} e4 {[%emt 0:00:02]} 11. Ne5 {[%emt 0:00:03]} Bxe2 {[%emt 0:00:02]} 12. Qxe2 {[%emt 0:00:05]} Nxe5 {[%emt 0:00:02]} 13. dxe5 {[%emt 0:00:02]} Nd7 {[%emt 0:00:01]} 14. cxd5 {[%emt 0:00:11]} Nxe5 {[%emt 0:00:05]} 15. f4 {[%emt 0:00:13]} exf3 {[%emt 0:00:03]} 16. Qf2 {[%emt 0:00:07]} Nd3 {[%emt 0:00:04]} 17. Qxf3 {[%emt 0:00:07]} Nxc1 {[%emt 0:00:02]} 18. Rxc1 {[%emt 0:00:02]} Bxc3 {[%emt 0:00:02]} 19. Bxc3 {[%emt 0:00:02]} Qd7 {[%emt 0:00:07]} 20. Qf6 {[%emt 0:00:03]} Qe8 {[%emt 0:00:49]} 21. Qg7# {[%emt 0:00:02] Mate} 1-0

[Event "OEISM 0818 BLMM"]
[Site "austriablmm"]
[Date "2020.12.12"]
[Round "2"]
[White "Gor200506"]
[Black "Chessless13"]
[Result "0-1"]
[WhiteElo "1667"]
[BlackElo "1637"]
[Annotator "NA RC"]
[PlyCount "130"]
[EventDate "2020.12.12"]
[EventType "blitz"]

1. d4 {[%emt 0:00:03]} d5 {[%emt 0:00:02]} 2. Nf3 {[%emt 0:00:03]} Nf6 {[%emt 0:00:02]} 3. c4 {[%emt 0:00:04]} e6 {[%emt 0:00:02]} 4. Nc3 {[%emt 0:00:03]} Bb4 {[%emt 0:00:01]} 5. Bd2 {[%emt 0:00:18]} O-O {[%emt 0:00:40]} 6. e3 {[%emt 0:00:08]} Nbd7 {[%emt 0:00:54]} 7. Rc1 {[%emt 0:01:04]} a6 {[%emt 0:00:12]} 8. cxd5 {[%emt 0:01:11]} exd5 {[%emt 0:00:38]} 9. Bd3 {[%emt 0:00:58]} Re8 {[%emt 0:00:50]} 10. O-O {[%emt 0:02:09]} Bd6 {[%emt 0:00:20]} 11. Re1 {[%emt 0:00:29]} Nf8 {[%emt 0:00:34]} 12. Qc2 {[%emt 0:00:28]} Ng6 {[%emt 0:00:52]} 13. e4 {[%emt 0:00:28]} dxe4 {[%emt 0:00:08]} 14. Nxe4 {[%emt 0:00:02]} Nxe4 {[%emt 0:01:16]} 15. Bxe4 {[%emt 0:00:09]} c6 {[%emt 0:00:18]} 16. Bxg6 {[%emt 0:01:54]} hxg6 {[%emt 0:00:04]} 17. Qc4 {[%emt 0:00:26]} Be6 {[%emt 0:00:11]} 18. Qd3 {[%emt 0:00:08]} Bd5 {[%emt 0:00:19]} 19. Ng5 {[%emt 0:00:32]} Qd7 {[%emt 0:01:10]} 20. b3 {[%emt 0:00:14]} Rxe1+ {[%emt 0:00:04]} 21. Rxe1 {[%emt 0:00:02]} Re8 {[%emt 0:00:02]} 22. Rxe8+ {[%emt 0:00:08]} Qxe8 {[%emt 0:00:02]} 23. Qh3 {[%emt 0:00:05]} Qe2 {[%emt 0:00:57]} 24. Qe3 {[%emt 0:00:03]} Qd1+ {[%emt 0:00:11]} 25. Qe1 {[%emt 0:00:01]} Qc2 {[%emt 0:00:29]} 26. Nh3 {[%emt 0:00:05]} Qxa2 {[%emt 0:00:09]} 27. Qe8+ {[%emt 0:00:04]} Bf8 {[%emt 0:00:01]} 28. Bb4 {[%emt 0:00:03]} Qb1+ {[%emt 0:00:07]} 29. Be1 {[%emt 0:00:01]} Qxb3 {[%emt 0:00:03]} 30. Ng5 {[%emt 0:00:03]} Qd1 {[%emt 0:00:08]} 31. h3 {[%emt 0:00:02]} Qxd4 {[%emt 0:00:11]} 32. Kh2 {[%emt 0:00:02]} Qf4+ {[%emt 0:00:04]} 33. g3 {[%emt 0:00:03]} Qxg5 {[%emt 0:00:02]} 34. Bb4 {[%emt 0:00:01]} Qf5 {[%emt 0:00:20]} 35. Kg1 {[%emt 0:00:05]} Qb1+ {[%emt 0:00:09]} 36. Be1 {[%emt 0:00:02]} Qe4 {[%emt 0:00:03]} 37. Qxe4 {[%emt 0:00:04]} Bxe4 {[%emt 0:00:00]} 38. Kf1 {[%emt 0:00:02]} Bd6 {[%emt 0:00:01]} 39. Ke2 {[%emt 0:00:01]} Bd5 {[%emt 0:00:02]} 40. Ke3 {[%emt 0:00:01]} f6 {[%emt 0:00:01]} 41. Kd4 {[%emt 0:00:01]} Kf7 {[%emt 0:00:03]} 42. Ba5 {[%emt 0:00:02]} Ke6 {[%emt 0:00:02]} 43. Bb6 {[%emt 0:00:02]} Be5+ {[%emt 0:00:02]} 44. Kd3 {[%emt 0:00:02]} Kd7 {[%emt 0:00:04]} 45. f4 {[%emt 0:00:03]} Bc7 {[%emt 0:00:01]} 46. Be3 {[%emt 0:00:03]} Kd6 {[%emt 0:00:03]} 47. g4 {[%emt 0:00:03]} c5 {[%emt 0:00:03]} 48. h4 {[%emt 0:00:02]} b5 {[%emt 0:00:02]} 49. h5 {[%emt 0:00:02]} gxh5 {[%emt 0:00:02]} 50. gxh5 {[%emt 0:00:01]} c4+ {[%emt 0:00:03]} 51. Kc3 {[%emt 0:00:01]} Ba5+ {[%emt 0:00:02]} 52. Kc2 {[%emt 0:00:02]} b4 {[%emt 0:00:03]} 53. f5 {[%emt 0:00:09]} Kc6 {[%emt 0:00:03]} 54. Kc1 {[%emt 0:00:06]} Bb6 {[%emt 0:00:02]} 55. Bf4 {[%emt 0:00:02]} Bc7 {[%emt 0:00:07]} 56. Be3 {[%emt 0:00:02]} a5 {[%emt 0:00:01]} 57. Kb2 {[%emt 0:00:05]} a4 {[%emt 0:00:02]} 58. Kb1 {[%emt 0:00:03]} a3 {[%emt 0:00:03]} 59. Kc2 {[%emt 0:00:03]} a2 {[%emt 0:00:14]} 60. Kb2 {[%emt 0:00:01]} b3 {[%emt 0:00:01]} 61. Bd4 {[%emt 0:00:02]} Ba5 {[%emt 0:00:03]} 62. h6 {[%emt 0:00:11]} gxh6 {[%emt 0:00:04]} 63. Ka3 {[%emt 0:00:12]} c3 {[%emt 0:00:10]} 64. Bxc3 {[%emt 0:00:04]} Bxc3 {[%emt 0:00:02]} 65. Ka4 {[%emt 0:00:01]} a1=Q# {[%emt 0:00:01] Mate Mate} 0-1